| Tag |
First Indicator |
Second Indicator |
Subfields |
| LEADER |
00000cam a22000008a 4500 |
| 001 |
in00000050027 |
| 005 |
20151007075955.0 |
| 008 |
820514s1981 maua j 00010 eng |
| 010 |
|
|
|a 81081811
|
| 020 |
|
|
|a 0879234202 :
|c $12.95
|
| 035 |
|
|
|a (OCoLC)07736624
|
| 035 |
|
|
|9 AAF4075AM
|
| 039 |
0 |
|
|a 2
|b 3
|c 3
|d 3
|e 3
|
| 040 |
|
|
|a DLC
|c DLC
|d TXA
|d UtOrBLW
|
| 043 |
|
|
|a e-it---
|
| 049 |
|
|
|a [Curr Col] TXAM
|c [933475]
|
| 050 |
0 |
0 |
|a PZ8.1
|b P742 1981
|
| 082 |
0 |
|
|a 398.2/1/0945
|a E
|2 19
|
| 100 |
1 |
|
|a Plume, Ilse.
|
| 245 |
1 |
4 |
|a The story of Befana :
|b an Italian Christmas tale /
|c illustrated and retold by Ilse Plume.
|
| 264 |
|
1 |
|a Boston :
|b D.R. Godine,
|c 1981.
|
| 300 |
|
|
|a 27 pages :
|b color illustrations ;
|c 23 x 28 cm.
|
| 336 |
|
|
|a text
|b txt
|2 rdacontent
|
| 337 |
|
|
|a unmediated
|b n
|2 rdamedia
|
| 338 |
|
|
|a volume
|b nc
|2 rdacarrier
|
| 520 |
|
|
|a Retells the traditional tale of the poor peasant woman who set out to find the Christ Child and wanders to this day, carrying a sack of gifts for good children.
|
| 650 |
|
0 |
|a Befana (Legendary character)
|x Juvenile literature.
|
| 650 |
|
1 |
|a Befana (Legendary character)
|
| 650 |
|
1 |
|a Folklore
|z Italy.
|
| 650 |
|
1 |
|a Christmas
|x Fiction.
|
| 999 |
|
|
|a MARS
|
| 999 |
f |
f |
|s cd79f03a-1f8e-39ca-8718-aaeb33e1e362
|i 20d3f05a-0494-3985-94ec-9f67c1d25c55
|t 0
|
| 952 |
f |
f |
|p ric
|a Texas A&M University
|b Rellis Campus
|c Joint Library Facility
|d Remote Storage
|t 0
|e PZ8.1 P742 1981
|h Library of Congress classification
|i unmediated -- volume
|m A14805939578
|
| 998 |
f |
f |
|a PZ8.1 P742 1981
|t 0
|l Remote Storage
|